[Event "LSS SF-2009-0-00044"]
[Site "LSS email"]
[Date "2010.01.31"]
[Round "?"]
[White "Davidson, Eric"]
[Black "Pietrzak, Wojciech"]
[Result "0-1"]
[WhiteElo "960"]
[BlackElo "1067"]
[PlyCount "82"]
[EventDate "2009.12.06"]
[EventType "tourn (corr)"]
[EventRounds "6"]
[EventCountry "GER"]
[SourceTitle "Telechess CBM 147"]
[Source "ChessBase"]
[SourceDate "2012.03.16"]
[SourceVersion "1"]
[SourceVersionDate "2012.03.16"]
[SourceQuality "1"]

1. e4 e5 2. Nf3 Nc6 3. Bb5 a6 4. Ba4 Nf6 5. 0-0 b5 6. Bb3 Be7 7. a4 Bb7 8. d3 0-0 9. h3 d6 10. Nc3 Nd4 11. axb5 Nxb5 12. Ne2 c5 13. Ng3 Nd4 14. Nxd4 cxd4 15. Nf5 d5 16. Nxe7+ Qxe7 17. Bg5 dxe4 18. dxe4 Bxe4 19. Re1 Qb7 20. Bxf6 gxf6 21. Qg4+ Bg6 22. h4 h5 23. Qxg6+ Kh8 24. Qxh5+ Kg7 25. Qg4+ Kh6 26. Re4 Rg8 27. Qf5 Rg6 28. Rae1 Rag8 29. g4 Qc6 30. g5+ fxg5 31. h5 Rf6 32. Qxe5 d3 33. Rc4 Qf3 34. Qg3 d2 35. Ra1 d1Q+ 36. Rxd1 Qxd1+ 37. Kg2 Qd5+ 38. Kh2 Rf3 39. Rd4 Qf5 40. Qg4 Rxf2+ 41. Kh3 Qe5 0-1

[Event "LSS SF-2009-0-00044"]
[Site "LSS email"]
[Date "2010.01.31"]
[Round "?"]
[White "Feng, Jason"]
[Black "Davidson, Eric"]
[Result "1-0"]
[WhiteElo "889"]
[BlackElo "932"]
[PlyCount "69"]
[EventDate "2009.12.06"]
[EventType "tourn (corr)"]
[EventRounds "6"]
[EventCountry "GER"]
[SourceTitle "Corr 2013"]
[Source "ChessBase"]
[SourceDate "2012.11.12"]
[SourceVersion "1"]
[SourceVersionDate "2012.11.12"]
[SourceQuality "1"]
[WhiteTeam "US of America"]
[BlackTeam "US of America"]
[WhiteTeamCountry "USA"]
[BlackTeamCountry "USA"]

1. e4 c5 2. Nc3 a6 3. f4 d6 4. Nf3 e6 5. g3 g6 6. Bg2 Bg7 7. 0-0 Ne7 8. d3 Nbc6 9. Ng5 h6 10. Nh3 Bd7 11. Bd2 Qb6 12. Rb1 c4+ 13. Kh1 cxd3 14. cxd3 Rc8 15. Qe2 Nd4 16. Qf2 0-0 17. Ne2 Rc2 18. Nxd4 Bxd4 19. Qe1 Rfc8 20. Bc3 Bxc3 21. bxc3 Qa5 22. Rxb7 Qxa2 23. Rg1 Qa4 24. c4 Qc6 25. Qb1 Rxg2 26. Kxg2 e5 27. Nf2 f5 28. Rb8 fxe4 29. Rxc8+ Bxc8 30. Nxe4 d5 31. cxd5 Nxd5 32. Rc1 Qd7 33. Qb3 Qh3+ 34. Kg1 Qe6 35. Qxd5 1-0

[Event "LSS RF-2009-0-00039"]
[Site "LSS email"]
[Date "2009.12.25"]
[Round "?"]
[White "Davidson, Eric"]
[Black "Ciesla, Daniel"]
[Result "1/2-1/2"]
[WhiteElo "1014"]
[BlackElo "1098"]
[PlyCount "96"]
[EventDate "2009.08.13"]
[EventType "tourn (corr)"]
[EventRounds "6"]
[EventCountry "GER"]
[SourceTitle "Telechess CBM 137"]
[Source "ChessBase"]
[SourceDate "2010.07.15"]
[SourceVersion "1"]
[SourceVersionDate "2010.07.15"]
[SourceQuality "1"]

1. e4 d6 2. d4 Nf6 3. Bc4 e5 4. dxe5 dxe5 5. Bxf7+ Kxf7 6. Qxd8 Bb4+ 7. Qd2 Bxd2+ 8. Nxd2 Nc6 9. Ngf3 h6 10. 0-0 Bg4 11. h3 Bh5 12. g4 Bg6 13. Re1 Rhe8 14. g5 Nh5 15. gxh6 gxh6 16. Nc4 Kg7 17. Bd2 Nf6 18. Bc3 Bxe4 19. Nfxe5 Nxe5 20. Nxe5 Kh7 21. Kh2 Bxc2 22. Rg1 Ne4 23. Nd7 Rg8 24. f3 Rxg1 25. Rxg1 Nxc3 26. bxc3 Rd8 27. Nf6+ Kh8 28. f4 Rf8 29. Ng4 Rxf4 30. Nxh6 Rf2+ 31. Kg3 Rd2 32. Kf4 Rd3 33. Ke5 Rxc3 34. Nf7+ Kh7 35. Ng5+ Kh6 36. Nf7+ Kh5 37. Kd4 Rxh3 38. Rg8 Ra3 39. Rg5+ Kh4 40. Rg7 Rxa2 41. Ne5 c5+ 42. Kxc5 b6+ 43. Kd4 Ra4+ 44. Kc3 Bf5 45. Nf3+ Kh3 46. Ng1+ Kh2 47. Nf3+ Kh3 48. Ng1+ Kh4 1/2-1/2